| 000 | 01211nam a2200289 i 4500 | ||
|---|---|---|---|
| 001 | 189129 | ||
| 003 | SpMaBN | ||
| 005 | 20230906223404.0 | ||
| 008 | 190403s1988 sp |||| | spa d | ||
| 020 | _a84-7423-290-2 | ||
| 080 | _a232.99 | ||
| 245 | 0 | 4 |
_aLas enseñanzas secretas de Jesús _b: cuatro evangelios gnósticos / _cMarvin W. Meyer, ed. ; traducción castellana de Jordi Beltrán. |
| 250 | _a2ª ed. | ||
| 260 |
_aBarcelona : _bCrítica, _c1988. |
||
| 300 |
_a166 p. ; _c20 cm. |
||
| 490 | 1 |
_aSerie general ; _v158. _aEstudios y ensayos |
|
| 504 | _aBibliografía: p. 159-166. | ||
| 505 | 8 |
_aContiene: ; _tEl libro secreto de Jaime ; _tEl evangelio de Tomás o los dichos secretos de Jesús ; _tEl libro de Tomás o los dichos secretos del Salvador ; _tEl libro secreto de Juan |
|
| 600 | 0 | 7 |
_aJesucristo- _xEnseñanzas. _9147809 |
| 630 | 0 | 7 |
_aBiblia. _pApócrifos. _9119280 |
| 650 | 1 | 7 |
_aGnosticismo. _9136192 |
| 700 | 1 |
_aMeyer, Marvin W. _9166766 |
|
| 700 | 1 |
_aBeltrán, Jordi ( _d1941-) _927364 |
|
| 830 | 0 |
_aSerie general ; _v158. _aEstudios y ensayos _9181534 |
|
| 852 |
_aES-MaACL _jL-32291 _z. - Donat. herederos de la bibl. de Mª del Pilar Costa Palacín |
||
| 999 |
_c189129 _d189129 |
||